00933nam a2200229 450000100060000000300080000600500170001400800410003103500190007204000320009104100080012308200240013124501200015525000110027526000550028630000330034150400390037450502130041365000230062670000320064970000220068133319BD-RjUL20211209052003.0140507s1968 maua b 001 0 eng d a(BD-RjUL)33410 aDLCcDLCdDLCdBD-RjULbeng aeng00a301.1bHAN V-2 196814aThe handbook of social psychology /cEdited by Gardner Lindzey and Elliot Aronson.nVolume Two :pResearch methods. a2d ed. aReading, Mass. :bAddison-Wesley Pub. Co.,cc1968. axv, 819 p. ;bill. ;c24 cm. aIncludes bibliographies. and Index0 av. 1. Historical introduction; systematic positions.--v. 2. Research methods.--v. 3. The individual in a social context.--v. 4. Group psychology and phenomena of interaction.--v. 5. Applied social psychology. 0aSocial psychology.1 aAronson, Elliot,ejoint ed.1 aLindzey, Gardner,